Statistics for WW1 General knowledge #2

Click here to take the quiz!

General Stats

  • This quiz has been taken 71 times
  • The average score is 9 of 15

Answer Stats

HintAnswer% Correct
Country that sustained the most casulatiesRussia
98%
Country with the most war reperationsGermany
86%
Country that launched Battle of the SommeUnited Kingdom
86%
Country that held out against German offensives for 4 yearsFrance
84%
Country with the harshest treaty (territorial)Austria
77%
Country Germany famously commited atrocities inBelgium
74%
Country with widely viewed the best Central Powers treaty, only had to give up minor southern and western territroyBulgaria
74%
Country that gained independence from Russia and never lost independenceFinland
58%
Country that was given the harshest treaty and suffered 2nd worst inflation in European HistoryHungary
49%
Country that had its neutrality violated by the Allies when they landed troops thereGreece
44%
Country that lost the higest proportion of its populationSerbia
44%
Country that seized smaller German coloniesJapan
39%
Country that was occupied by Germany but not at war with itLuxembourg
37%
Country that was next to surrender after SerbiaMontenegro
33%
Country that seized German ships which provoked a war from the GermansPortugal
18%

Score Distribution

Percentile by Number Answered

Percent of People with Each Score

Your Score History

You have not taken this quiz